Drugs and democracy in Latin America : the impact of U.S. policy /

Bibliographic Details
Other Authors: Youngers, Coletta, Rosin, Eileen, 1954-
Format: Book
Language:English
Published: Boulder, Colo. : Lynne Rienner Publishers, 2005.
Subjects:

MARC

Tag First Indicator Second Indicator Subfields
LEADER 00000pam a22000004a 4500
001 in00002045326
005 20151101055602.0
008 040625s2005 couab b 001 0 eng c
010 |a  2004014978 
020 |a 1588262782 (hardcover : alk. paper) 
020 |a 1588262545 (pbk. : alk. paper) 
035 |a (OCoLC)ocm58411468 
040 |a DLC  |c DLC  |d UtOrBLW 
042 |a pcc 
043 |a cl-----  |a cc-----  |a n-us--- 
049 |a TXAM 
050 0 0 |a HV5840.L3  |b D777 2005 
082 0 0 |a 363.45/098  |2 22 
245 0 0 |a Drugs and democracy in Latin America :  |b the impact of U.S. policy /  |c edited by Coletta A. Youngers, Eileen Rosin. 
264 1 |a Boulder, Colo. :  |b Lynne Rienner Publishers,  |c 2005. 
300 |a xi, 415 pages :  |b illustrations, maps ;  |c 24 cm. 
336 |a text  |b txt  |2 rdacontent 
337 |a unmediated  |b n  |2 rdamedia 
338 |a volume  |b nc  |2 rdacarrier 
504 |a Includes bibliographical references (pages 389-396) and index. 
505 0 |a The U.S "War on Drugs": its impact in Latin America and the Caribbean / Coletta A. Youngers and Eileen Rosin -- The U.S. military in the war on drugs / Adam Isacson -- U.S. police assistance and drug control policies / Rachel Neild -- Colombia: a vicious circle of drugs and war / María Clemencia Ramírez Lemus, Kimberly Stanton, and John Walsh -- Bolivia: clear consequences / Kathryn Ledebur -- Peru: drug control policy, human rights, and democracy / Isaías Rojas -- Ecuador: untangling the drug war / Fredy Rivera Vélez -- Mexico: the militarization trap / Laurie Freeman and Jorge Luis Sierra -- The Caribbean: the "third border" and the war on drugs / Jorge Rodríguez Beruff and Gerardo Cordero -- The collateral damage of the U.S. war on drugs: conclusions and recommendations / Coletta A. Youngers. 
650 0 |a Drug control  |z Latin America  |x International cooperation. 
650 0 |a Drug control  |z Caribbean Area  |x International cooperation. 
650 0 |a Drug control  |z United States  |x International cooperation. 
650 0 |a Human rights  |z Latin America. 
650 0 |a Human rights  |z Caribbean Area. 
700 1 |a Youngers, Coletta. 
700 1 |a Rosin, Eileen,  |d 1954- 
945 |i PromptCat 
947 |a A14831540462 
948 |a cataloged  |b h  |c 2005/4/18  |d c  |e dmitchel  |f 10:40:20 am 
994 |a 92  |b TXA 
999 |a MARS 
999 f f |s bf59a576-0118-371c-8860-69bb60121115  |i 97d4d9a9-6170-3e26-9d29-89ba12795efc  |t 0 
952 f f |p normal  |a Texas A&M University  |b Washington DC  |c Bush DC Campus  |s Bush DC  |d Bush School Library (located in Washington, DC)  |t 0  |e HV5840.L3 D777 2005  |h Library of Congress classification  |i unmediated -- volume  |m 66000019317 
952 f f |p normal  |a Texas A&M University  |b College Station  |c Sterling C. Evans Library  |s Evans stk  |d Evans: Library Stacks  |t 0  |e HV5840.L3 D777 2005  |h Library of Congress classification  |i unmediated -- volume  |m A14831540462 
998 f f |a HV5840.L3 D777 2005  |t 0  |l Evans: Library Stacks 
998 f f |a HV5840.L3 D777 2005  |t 0  |l Bush School Library (located in Washington, DC)